00796nam a2200253 450000100060000000300080000600500170001400800410003102000160007203500190008804000350010704100080014208200260015010000320017624500900020826000470029830000330034550400310037850400190040965000250042865000310045365000250048465100330050934133BD-RjUL20211209052118.0140514s1979 bg b 001 0 eng d c: Tk. 40.00 a(BD-RjUL)34227 aBD-RjULbengcBD-RjULdBD-RjUL aeng00bJAD 1979a338.10954921 aJahangir, Burhanuddin Khan.10aDifferentiation, polarisation and confrontation in rural Bangladesh /cB. K. Jahangir aDacca :bCentre for Social Studies,c1979. a[4], 324 p. :bill. ;c22 cm aBibliography: p. [293]-316 aIncludes index 0aPeasantszBangladesh 0aSocial classeszBangladesh 0aVillageszBangladesh 0aBangladeshxRural conditions